000 00398nam a22001697a 4500
003 OSt
008 220616b ||||| |||| 00| 0 eng d
020 _a9789351105411
082 _a005.2762 FRH
100 _aFREEMAN, Eric
245 _aHead First JavaScript Programming
250 _a4th
260 _aMumbai
_bOreilly
_c2019
300 _a661
700 _aROBSON,Elisabeth
942 _2ddc
_cBK
999 _c11404
_d11404